000
00374nam a2200145Ia 4500
008
090124s9999 xx 000 0 und d
082
_b
401867
245
_a
वीरेन्द्र
250
_a
1
260
_b
गोळे लीला
_c
1979
300
_a
76
630
_a
वीरेन्द्र
730
_a
वीरेन्द्र
942
_c
BOOK
999
_c
198327
_d
198327